Statystyki dla Reprezentacje należące do CONCACAF

Kliknij tutaj aby rozwiązać quiz!

Ogólne statystyki

  • Ten quiz został rozwiązany 48 razy
  • Średni wynik to 24 z 41

Statystyki odpowiedzi

Reprezentacja% Poprawnych
Kanada
96%
Stany Zjednoczone
96%
Meksyk
91%
Dominika
87%
Dominikana
87%
Salwador
84%
Jamajka
82%
Kostaryka
82%
Panama
82%
Bahamy
80%
Honduras
80%
Kuba
80%
Antigua i Barbuda
78%
Haiti
78%
Nikaragua
73%
Trynidad i Tobago
73%
Gwatemala
71%
Barbados
67%
Belize
67%
Saint Vincent i Grenadyny
64%
Saint Kitts i Nevis
62%
Saint Lucia
62%
Gujana
56%
Grenada
51%
Portoryko
51%
Bermudy
44%
Surinam
44%
Aruba
42%
Brytyjskie Wyspy Dziewicze
40%
Curacao
40%
Anguilla
36%
Gujana Francuska
36%
Gwadelupa
36%
Martynika
36%
Turks i Caicos
29%
Wyspy Dziewicze Stanów Zjednoczonych
29%
Montserrat
27%
Kajmany
22%
Bonaire
20%
Saint Martin
20%
Sint Maarten
20%

Rozkład punktacji

Percentyl według liczby udzielonych odpowiedzi

Procent ludzi z każdym wynikiem

Twoja historia wyników

Nie rozwiązałeś tego quizu